Adivinhe o país pela equipe. (Versão CONCACAF) - Statistics

Estatísticas Gerais
  • Esse quiz foi jogado 88 vezes
  • A pontuação média é 10 de 13
Estatísticas das Respostas
Imagem Resposta % Correto
Estados Unidos
100%
México
100%
Canadá
99%
Costa Rica
98%
El Salvador
92%
Honduras
83%
Guatemala
78%
Nicarágua
77%
Panamá
76%
Cuba
71%
Jamaica
69%
Suriname
43%
Guiana
40%
Nenhum quiz correspondente encontrado
Distribuição das Pontuações
Porcentagem de Pessoas com Cada Pontuação
Percentil de Números Respondidos
Sua Pontuação Histórica
Você não jogou esse quiz